Bona postura, bona salut : quadern d'higiene postural / quadern d'higiene postural /
MARC
| LEADER | 00000nam a22000007a 4500 | ||
|---|---|---|---|
| 001 | 28788 | ||
| 003 | AGDB | ||
| 005 | 20260324181529.0 | ||
| 008 | 230403b spa||||| |||| 00| 0 cat d | ||
| 017 | |a B 18373-2024 | ||
| 040 | |a agdb |b cat | ||
| 110 | |9 52202 |a Barcelona (Catalunya : Província). |b Servei de Salut Pública | ||
| 245 | |a Bona postura, bona salut : |b quadern d'higiene postural / |c Coordinació: Servei de Salut Pública de la Diputació de Barcelona | ||
| 250 | |a Segons edició |b setembre de 2024 | ||
| 260 | |a Barcelona : |b Diputació de Barcelona ; |c 2024 | ||
| 300 | |a 17 pàgines ; |b il·lustracions en color ; |c 21 x 30 cm | ||
| 500 | |a Quadern d'exercicis adreçat a infants de 10 a 12 anys (cicle superior de primària). | ||
| 650 | 0 | |9 52736 |a Infants |x Salut i higiene | |
| 650 | 0 | |9 52735 |a Postura | |
| 650 | 0 | |a Material didàctic |2 Arxiu |9 22831 | |
| 655 | 0 | |a Fulletons |9 55858 | |
| 710 | |a Barcelona (Catalunya : Província). |b Àrea de Comerç, Consum i Salut Pública |9 71966 | ||
| 942 | |2 udc |c ARXIU |n 1 | ||
| 952 | |0 0 |1 0 |2 udc |4 0 |6 FU7818 |7 1 |9 97946 |a Arxiu |b Arxiu |d 2025-04-14 |l 0 |o FU-78-18 |p 28788 |r 2025-04-14 00:00:00 |w 2025-04-14 |y ARXIU | ||
| 999 | |c 129739 |d 129739 | ||